Phytopathological techniques ; laboratory manual.

Bibliographic Details
Main Author: Altman, Jack
Format: Book
Language:English
Published: Boulder, Colo. : Pruett Press, [1966]
Subjects:

MARC

Tag First Indicator Second Indicator Subfields
LEADER 00000cam a2200000 4500
001 in00000043337
005 20151007072757.0
008 780619s1966 coua 00100 eng d
035 |a (OCoLC)03984711 
035 |9 AAE8536AM 
040 |a NRC  |c NRC  |d TXA  |d UtOrBLW 
049 |a TXAM  |c 1 [476336]  |c 2 [476335] 
090 |a SB601  |b .A6 
092 |a 581.23  |b A468p, 1966 
100 1 |a Altman, Jack. 
245 1 0 |a Phytopathological techniques ;  |b laboratory manual. 
264 1 |a Boulder, Colo. :  |b Pruett Press,  |c [1966] 
300 |a 259 pages :  |b illustrations 
336 |a text  |b txt  |2 rdacontent 
337 |a unmediated  |b n  |2 rdamedia 
338 |a volume  |b nc  |2 rdacarrier 
650 0 |a Plant diseases. 
650 0 |a Botany  |v Laboratory manuals. 
999 |a MARS 
999 f f |s d709c3cb-a9a9-34fe-809a-9da548f2a804  |i 5e433d76-234c-3e6f-925b-2189a333131d  |t 0 
952 f f |p ric  |a Texas A&M University  |b Rellis Campus  |c Joint Library Facility  |d Remote Storage  |t 0  |e SB601 .A6  |h Library of Congress classification  |i unmediated -- volume  |m A14800989447 
998 f f |a SB601 .A6  |t 0  |l Remote Storage